Cuentos completos / (Registro nro. 10636)

Detalles MARC
000 -LIDER
fixed length control field 00966nam a22003137a 4500
001 - NÚMERO DE CONTROL
Identificador de número de control 000337
003 - IDENTIFICACDOR DE NÚMERO DE CONTROL
control field DO-SdBNP
005 - DATE AND TIME OF LATEST TRANSACTION
control field 20220606135441.0
007 - CAMPOS FIJOS DE DESCRIPCIÓN FÍSICA
fixed length control field 000337
008 - ELEMENTOS DE LONGITUD FIJA
fixed length control field 160630b 2009 sp xxu||| 00| 0 spa d
020 ## - ISBN
International Standard Book Number 9788420423524
040 ## - FUENTE DE CATALOGACIÓN
Agencia que crea de manera original el registro BPMSU
Idioma de catalogación spa
Agencia que realiza la transcripción BPMSU
082 ## - NÚMERO DE CLASIFICACIÓN DECIMAL DE DEWEY
Classification number 891.73
Item number N117c 2009
Edition number 22
100 1# - ASIENTO PRINCIPAL -- NOMBRE PERSONAL
Nombre personal Nabokov, Vladimir,
Fechas asociadas con el nombre 1899-1977.
Subencabezamiento de forma
245 10 - MENCIÓN DE TITULO
Título Cuentos completos /
Mención de responsabilidad Nabokov ; traducción, María Lozano.
260 ## - PUBLICACIÓN, DISTRIBUCIÓN, ETC. (PIE DE IMPRENTA)
Lugar de publicación, distribución, etc Madrid :
Nombre del editor, distribuidor, etc. Alfaguara,
Fecha de publicación, distribución, etc 2009.
300 ## - DESCRIPCIÓN FÍSICA
Extensión 806 p. ;
Dimensiones 25 cm
500 ## - NOTA GENERAL
Nota general Incluye datos biográficos de la autor en la solapa de la cubierta.
500 ## - NOTA GENERAL
Nota general Edición definitiva
534 ## - NOTA SOBRE LA VERSIÓN ORIGINAL
Asiento principal del original Título original :
Mención del título original The stories of Vladimir Nabokov.
590 ## - NOTA LOCAL
Enlace Inventariado, 2022/VM
650 #4 - ENCABEZAMIENTO DE MATERIA--TEMÁTICO
Término temático o nombre geográfico como elemento de entrada Cuentos rusos.
650 #4 - ENCABEZAMIENTO DE MATERIA--TEMÁTICO
Término temático o nombre geográfico como elemento de entrada Cuentos de navidad
650 #4 - ENCABEZAMIENTO DE MATERIA--TEMÁTICO
Término temático o nombre geográfico como elemento de entrada Venganza
Subdivisión de forma Cuentos.
Mención de responsabilidad
650 #4 - ENCABEZAMIENTO DE MATERIA--TEMÁTICO
Término temático o nombre geográfico como elemento de entrada Cuentos de terror.
700 12 - ASIENTO SECUNDARIO -- NOMBRE PERSONAL
Nombre personal Lozano, María,
Mención de responsabilidad traductor
910 ## - VALIDACIÓN
Validación VMateoV.
942 ## - ADDED ENTRY ELEMENTS (KOHA)
Source of classification or shelving scheme Dewey Decimal Classification
Koha item type Libros
Existencias
Withdrawn status Lost status Source of classification or shelving scheme Damaged status Not for loan Collection code Home library Current library Date acquired Source of acquisition Full call number Barcode Date last seen Price effective from Koha item type Copy number
    Dewey Decimal Classification     Colección General Biblioteca Pública Metropolitana Salomé Ureña Biblioteca Pública Metropolitana Salomé Ureña 06/30/2016 Alfaguara BPMSU CG 891.73 N117c 2009 BPMSU16060721 06/30/2016 06/30/2016 Libros  
    Dewey Decimal Classification     Colección General Biblioteca Pública Metropolitana Salomé Ureña Biblioteca Pública Metropolitana Salomé Ureña 06/30/2016 Alfaguara BPMSU CG 891.73 N117c 2009 BPMSU16060722 06/30/2016 06/30/2016 Libros e. 2
    Dewey Decimal Classification     Colección General Biblioteca Pública Metropolitana Salomé Ureña Biblioteca Pública Metropolitana Salomé Ureña 06/30/2016 Alfaguara BPMSU CG 891.73 N117c 2009 BPMSU16060723 06/30/2016 06/30/2016 Libros e. 3